000 00394nam a22001697a 4500
005 20160629121437.0
008 160629b xxu||||| |||| 00| 0 eng d
020 _a81-85749-98-1
041 _aeng
082 _b12014
100 _aUpadhyay,A.K
_93142
245 _aCivil Estimating & Costing
260 _bKatson
_c2012
300 _a460
650 _aDiploma Engineering
_9817
942 _cBK
999 _c4630
_d4628